| 000 | 00455nam a2200133 a 4500 | ||
|---|---|---|---|
| 008 | 120416s1974 ||||||||||||||||| || u | ||
| 050 | _aNA 950 Yar | ||
| 100 | _aYarwood, Doreen | ||
| 245 | 1 | 4 | _aThe architecture of Europe |
| 260 |
_aLondon _bBatsford _c1974 |
||
| 300 | _avi, 598p. : ill. | ||
| 350 | _a0.00 | ||
| 995 |
_D0.00 _FCBU-MAIN LIBRARY (Kitwe) _H1 _I0.00 _M1 _UDAMAGED _ZMain Library Open Access Collection |
||
| 999 |
_c34790 _d34790 |
||